000 00700pam a2200241 a 4500
008
020 _a0471587419 (hbk. )
049 _aMAIN
090 0 0 _aQA184 ANT
100 1 _aAnton, Howard.
245 1 0 _aElementary linear algebra :
_bapplications version /
_cHoward Anton, Chris Rorres.
250 _a7th ed.
260 _aNew York :
_bWiley,
_cc1994.
300 _axvi, [8], 779, 57, 7 p. :
_bill. (some col.) ;
_c24 cm.
500 _aIncludes index.
650 0 _aAlgebras, Linear.
700 1 _aRorres, Chris.
907 _a.b1025366x
_b16-09-13
_c11-03-08
003
005 20230123124854.0
040 _cNUST
942 _cBOOKS
_kQA184 ANT
999 _c131735
_d131735